| 000 | 00547nam a2200193Ia 4500 | ||
|---|---|---|---|
| 008 | 120921t2007 xxu||||| |||| 00| 0 sin d | ||
| 041 | _asin | ||
| 080 |
_a8-31 (eng) _bKOL |
||
| 100 | _aKolins,Wilki | ||
| 245 | _aසුදු වත හැඳි කත | ||
| 246 | _aSudu Watha Hadi Katha | ||
| 260 |
_aGunasena _aColombo _c2007 |
||
| 300 | _b269p, 18 cm | ||
| 500 | _aSinhalese Translation of W.Kolins's of Woman in White | ||
| 700 |
_aDisanayaka,Mahanama _etr. |
||
| 942 | _cBK | ||
| 999 |
_c41577 _d41577 |
||
| 003 | LK-CoDNM | ||
| 040 |
_aLK-CoDNM _dLK-CoDNM _eLK-CoDNM |
||